| 000 | 01624nam a2200325Ia 4500 | ||
|---|---|---|---|
| 999 |
_c53447 _d53447 |
||
| 001 | 20491 | ||
| 003 | GE_BSU | ||
| 005 | 20210104202857.0 | ||
| 008 | 181216s1981||||ge |||||||||||||| ||geo|| | ||
| 040 | _cGE_BSU | ||
| 041 | _ageo | ||
| 080 | _a811.353.1-8(075.3) შ-21 | ||
| 100 |
_aშანიძე, ა. _99984 |
||
| 245 |
_aქართული ენა : (გრამატიკა, ფონეტიკა, გრაფიკა, ლექსიკა, პუნქტუაცია, მეტყველების განვითარება) : _bმე-4 კლასის სახელმძღვ. / _cა შანიძე, ი. იმნაიშვილი, ლ. კვაჭაძე ; რედ. ე. პოლოლიკაშვილი. |
||
| 264 |
_aთბილისი : _bგანათლება, _c1981. |
||
| 300 |
_a115გვ. : _b ილ. ; _c21სმ. |
||
| 541 | _h20 თ. | ||
| 653 | _aმე-4 კლასის სახელმძღვანელო | ||
| 653 | _aქართული ენა | ||
| 653 | _aგრამატიკა | ||
| 653 | _aფონეტიკა | ||
| 653 | _aგრაფიკა | ||
| 653 | _aლექსიკა | ||
| 653 | _aპუნქტუაცია | ||
| 653 | _aმეტყველების განვითარება | ||
| 700 |
_aიმნაიშვილი, ი. _eავტორი _99985 |
||
| 700 |
_aკვაჭაძე, ლ. _eავტორი _99986 |
||
| 700 |
_aპოლოლიკაშვილი, ე. _eრედაქტორი _94959 |
||
| 942 |
_cBK _2udc |
||